000 00951nam a2200193Ia 4500
999 _c38355
_d38355
001 4365
003 GE_BSU
005 20191007112700.0
008 181216s1977||||ge |||||||||||||| ||geo||
040 _cGE_BSU
080 _a37.015.3(075.8)+159.922.6(075.8) ა–87
245 _aასაკობრივი და პედაგოგიური ფსიქოლოგია :
_bსახელმძღვანელო პედაგოგიური ინ–ტის სტუდენტებისათვის /
_c ა.ვ. პეტროვსკის რედ.
264 _aთბ. :
_bგანათლება,
_c1977.
300 _a361 გვ.;
_b22 სმ.
653 _aასაკობრივი ფსიქოლოგია
653 _aპედაგოგიური ფსიქოლოგია
700 _aპეტროვსკი, ა.
_eრედაქტორი
_94558
942 _cBK
_2udc